01179nam a2200193Ia 4500001001100000003001000011008004100021040002500062041001300087100004500100245007900145250001100224260006100235300001200296500026000308501011400568520026000682650004300942A085-34674IT-CnALBA170116s9999||||xx |||||||||||||| ||und|| aIT-CnALBAcIT-CnALBA aITALIANO aBOSSUET JACQUES-BENIGNE VESCOVO DI MEAUX 0aOPERE. CONTRO GLI ERRORI DEI QUETISTI E DEI FALSI MISTICI. TOMO L VOL. I.  a1a ed. a VENEZIAbZERLETTI PIETRO (PRESSO) c1799 [1° Ed.:1799] a350 p.  aATTI DELLA CONDANNA DEI QUETISTI. EDITTI. BOLLA DI INNOCENZO TERZO. DECRETI. LETTERE. SPIEGAZIONE DELLE MASSIME DEI SANTI. MEMORIE DEL VESCOVO DI MEAUX. DOTTRINA DI S. FRANCESCO DI SALES. SCRITTURA E TRADIZIONE SUL MOTIVO DELLA RICOMPENSA. ABUSO DELLA PAR aSocietà San Paolo EM - Piazza San Paolo, 14 - 12051 ALBA (CN) (non commercial uses only) ® Copyright 2017 aATTI DELLA CONDANNA DEI QUETISTI. EDITTI. BOLLA DI INNOCENZO TERZO. DECRETI. LETTERE. SPIEGAZIONE DELLE MASSIME DEI SANTI. MEMORIE DEL VESCOVO DI MEAUX. DOTTRINA DI S. FRANCESCO DI SALES. SCRITTURA E TRADIZIONE SUL MOTIVO DELLA RICOMPENSA. ABUSO DELLA PAR aRACCOLTE DI CARATTERE GEN. IN ITALIANO